Responses for Show #6028 - Wednesday, November 24, 2010

Contestants

[<< previous game]

Stephanie Gumble, an associate director of policy from Boston, Massachusetts

Rebecca O'Brien, a writer from Brooklyn, New York

Bob Kennedy, a college linguistics instructor from Santa Barbara, California (whose 1-day cash winnings total $17,700)

[next game >>]

Jeopardy! Round responses

BRIGHT LIGHTS, BIG CITY
(Alex: With the pictures provided thanks to NASA.)
2010 EMMY WINNERS
ORGANIZATIONS
MISSING BODY PARTS
DWIGHT EISENHOWER
I LIKE "IKE"
    $200 11
New York

Rebecca
    $200 2
Jeff Probst

Bob
    $200 21
the ACLU

Stephanie
    $200 26
nose

Rebecca
    $200 16
the Korean War

Bob
    $200 1
Mike

Stephanie
    $400 12
Tokyo

Bob
    $400 7
24

Bob
    $400 22
(Rebecca: What are Hurricanes Katrina & Ike?)

Katrina & Rita

Rebecca
Triple Stumper
    $400 27
ear

Rebecca
    $400 17
Mamie Eisenhower

Triple Stumper
    $400 3
alike

Rebecca
    $600 13
Chicago

Rebecca
    $600 8
The Big Bang Theory

Stephanie
    $600 23
Amnesty International

Bob
    $600 28
eye

Rebecca
    $600 18
(Bob: What's 4-star general?)

5-star general

Bob
Triple Stumper
    $600 4
a spike

Rebecca
    $800 14
(Rebecca: What is Phoenix?)
...
(Alex: The Strip, yes.)

Las Vegas

BobRebecca
    $800 9
Breaking Bad

Stephanie
    $800 24
(Bob: What is the Kiwanis Club?)
(Rebecca: What is the 4-H Club?)

the Rotary Club

BobRebecca
Triple Stumper
    $800 29
leg

Bob
    $1,200 19
1969

Bob
    $800 5
(northern) pike

Stephanie
    $1000 15
Buenos Aires

Bob
    $1000 10
Temple Grandin

Stephanie
    $1000 25
the Southern Poverty Law Center

Rebecca
    $1000 30
ankle

Triple Stumper
    $1000 20
(Bob: What's the 50-cent piece?)

the dollar

Bob
Triple Stumper
    $1000 6
strike

Triple Stumper

Scores at the first commercial break (after clue 15):

Bob Rebecca Stephanie
$2,800 $1,000 $3,400

Scores at the end of the Jeopardy! Round:

Bob Rebecca Stephanie
$3,200 $2,000 $3,600

Double Jeopardy! Round responses

ISLAMIC CULTURE
NBA LOGOS
BRITISH POETS
"S"MORGASBORD
WHAT A GODDESS
ROMAN NUMERAL WORDS
    $400 1
Iran

Rebecca
    $400 11
the Celtics

Bob
    $400 16
Poet Laureate

Bob
    $400 21
soup

Bob
    $400 6
Hera

Bob
    $400 26
mix

Rebecca
    $800 2
mosques

Bob
    $800 12
the (Miami) Heat

Bob
    $800 17
Alexander Pope

Triple Stumper
    $800 22
scallions

Stephanie
    $800 7
the Muses

Bob
    $800 27
mill

Bob
    $1200 3
the astrolabe

Triple Stumper
    $1200 13
the (Dallas) Mavericks

Bob
    $1,200 18
(Bob: Who is Dryden?)
...
(Alex: He also wrote a poem on his bl-blindness.)

John Milton

Bob
    $1200 23
sage

Bob
    $1200 8
Athena

Bob
    $1200 28
mimic

Bob
    $1600 4
Shia

Rebecca
    $1600 14
the (Cleveland) Cavaliers

Rebecca
    $1600 19
Ted Hughes

Stephanie
    $1600 24
scones

Triple Stumper
    $1600 9
Nike

Triple Stumper
    $1600 29
vivid

Bob
    $2000 5
the Kaaba

Rebecca
    $2,000 15
the (Washington) Wizards

Rebecca
    $2000 20
John Donne

Stephanie
    $2000 25
saltimbocca

Triple Stumper
    $2000 10
(Rebecca: Who was Venus?)
(Alex: No.)
(Rebecca: Aph--)

Aphrodite

Rebecca
Triple Stumper
    $2000 30
livid

Bob

Scores at the end of the Double Jeopardy! Round:

Bob Rebecca Stephanie
$15,200 $8,000 $8,000

[wagering suggestions for these scores]

Final Jeopardy! Round responses

PAINTINGS
(Alex: The painting is also known as La Giaconda.)
RebeccaWhat is La Giaconda the Mona Lisa
$7,999
StephanieWhat is the Mona Lisa?
$500
BobWhat is the Mona Lisa?
$900
the Mona Lisa

Final scores:

Bob Rebecca Stephanie
$16,100 $15,999 $8,500
2-day champion: $33,800 2nd place: $2,000 3rd place: $1,000

Game dynamics:

Coryat scores:

Bob Rebecca Stephanie
$16,000 $8,000 $8,000
23 R
(including 1 DD),
4 W
(including 1 DD)
14 R
(including 1 DD),
4 W
9 R,
0 W

Combined Coryat: $32,000

[game clues] [game scores] [suggest correction]

Game tape date: 2010-08-31
The J! Archive is created by fans, for fans. Scraping, republication, monetization, and malicious use prohibited; this site may use cookies and collect identifying information. See terms. The Jeopardy! game show and all elements thereof, including but not limited to copyright and trademark thereto, are the property of Jeopardy Productions, Inc. and are protected under law. This website is not affiliated with, sponsored by, or operated by Jeopardy Productions, Inc. Join the discussion at JBoard.tv.